Chidhood To Adolescence : (Record no. 168038)

MARC details
000 -LEADER
fixed length control field 00793nam a22002297a 4500
005 - DATE AND TIME OF LATEST TRANSACTION
control field 20190925143203.0
010 ## - LCCN (DPL NO)
LC control number ENG-126544
020 ## - INTERNATIONAL STANDARD BOOK NUMBER
Terms of availability 400.00
International Standard Book Number 9789353436926
035 ## - SYSTEM CONTROL NUMBER
System control number EN-110076
037 ## - SOURCE OF ACQUISITION
Source of stock number/acquisition DBAD/PUB
082 ## - DEWEY DECIMAL CLASSIFICATION NUMBER
Classification number 305.235
100 ## - MAIN ENTRY--PERSONAL NAME
Personal name Deb , Sibnath
245 ## - TITLE STATEMENT
Title Chidhood To Adolescence :
Statement of responsibility, etc Sibnath Deb [et...all]
Remainder of title Issues And Concerns /
260 ## - PUBLICATION, DISTRIBUTION, ETC. (IMPRINT)
Place of publication, distribution, etc Noida
Name of publisher, distributor, etc Pearson India education services pvt. ltd
Date of publication, distribution, etc 2020
270 ## - ADDRESS
City U.P
Address 15th floor,tower-b,world trade tower ,plot no. 1,bllock -c,sector 16 Noida
Postal code 201301
Electronic mail address companysecretary.india@pearson.com
Telephone number 04466540100
300 ## - PHYSICAL DESCRIPTION
Extent 529p..
Dimensions 24cm,(pbk)
500 ## - GENERAL NOTE
General note including index
700 ## - ADDED ENTRY--PERSONAL NAME
Personal name Bhadra, Subhasis
700 ## - ADDED ENTRY--PERSONAL NAME
Personal name Sunny, Aleena Maria
700 ## - ADDED ENTRY--PERSONAL NAME
Personal name Sahay, Seema
942 ## - ADDED ENTRY ELEMENTS (KOHA)
Source of classification or shelving scheme Dewey Decimal Classification
Item type English Books
Classification part 305.235
Call number suffix DEB
Holdings
Withdrawn status Lost status Not for loan Collection code Home library Current library Date acquired Source of acquisition Cost, normal purchase price Full call number Barcode Copy number Cost, replacement price Koha item type
      Non-fiction Sarojini Nagar Sarojini Nagar 25/09/2019 DBAD/PUB 400.00 305.235 DEB EN-110076 1 400.00 English Books

© Delhi Public Library
Hit Counter
free hit counter